A to Z by Decade: 1990s - Statistics

General Stats
  • This quiz has been taken 26 times
  • The average score is 21 of 26
Answer Stats
Letter Clue Answer % Correct
G Search engine officially released in 1998 Google
100%
P Beloved monarch killed in a car crash alongside her boyfriend and their driver on August 31, 1997 Princess Diana
100%
F 1994 sitcom with Jennifer Anniston and Lisa Kudrow which lasted for 10 seasons Friends
96%
J Country where US president George Bush infamously vomited on the prime minister in 1992 Japan
96%
K Country invaded by Iraq in 1990 Kuwait
96%
L Star of Titanic and What’s Eating Gilbert Grape who quickly became a household name Leonardo DiCaprio
96%
N Grunge band which took the world by storm until their singer’s death in 1994 Nirvana
96%
Q Director of Pulp Fiction and Reservoir Dogs who shot to fame Quentin Tarantino
96%
B City where the 1992 Summer Olympics took place Barcelona
92%
O Football star acquitted of murdering his ex-wife and her friend in a highly publicized 1995 trial OJ Simpson
92%
A Company founded in 1995 which is now the world’s largest retailer Amazon
88%
U Country which relinquished control of Hong Kong in 1997 United Kingdom
88%
H Powerful space telescope launched by NASA in 1990 Hubble
85%
X 1993 American sci-fi drama series which lasted for 11 seasons X-Files
85%
C High school in Colorado which saw a deadly mass shooting in 1999 Columbine High School
81%
M World leader who formally dissolved the Soviet Union, effectively ending the Cold War in 1991 Mikhail Gorbachev
81%
S 1996 film where the Looney Tunes team up with NBA legend Michael Jordan Space Jam
81%
V 1990 Madonna hit Vogue
81%
Y Formerly divided country which reunited in 1990 Yemen
81%
T The first 3D animated film, released by Pixar in 1995 Toy Story
77%
W 1996 Spice Girls hit Wannabe
77%
I Computer released by Apple in 1998 while saved the company from bankruptcy iMac G3
73%
R Black motorist who was beaten by police in 1991, prompting the Los Angeles Riots Rodney King
62%
E Rapper who died of AIDS on March 26, 1995 Eazy E
42%
Z Popular pattern type which was everywhere in the 90s, from headbands to paper cups Zig-Zag
38%
D Jam band formed in 1991, named for its frontman Dave Matthews Band
19%
No matching quizzes found
Score Distribution
Percent of People with Each Score
Percentile by Number Answered
Your Score History
You have not taken this quiz